| 000 | 00579 a2200193 4500 | ||
|---|---|---|---|
| 999 |
_c29713 _d29713 |
||
| 003 | NUST | ||
| 005 | 20180118124023.0 | ||
| 008 | 180118b xxu||||| |||| 00| 0 eng d | ||
| 020 | _a9810210515 | ||
| 020 | _a9789810210519 | ||
| 082 | _a539.725 | ||
| 100 | 1 |
_aHall, G. S. _98747 |
|
| 245 | 1 | 0 |
_aSymmetries and curvature structure in general relativity / _cG. S. Hall, G. S. Mall, GS Hall. |
| 260 |
_a[S.l.] : _bWorld Scientific Publishing Company, _c2004. |
||
| 300 |
_a440 p. ; _c23 cm. |
||
| 490 | 1 | _aLecture notes in physics. | |
| 700 | 1 |
_aMall, G. S. _98748 |
|
| 700 | 1 |
_aHall, GS. _98749 |
|
| 830 | 0 |
_aLecture notes in physics. _98750 |
|
| 942 |
_aSNS _cBK _k539.725 HAL _2ddc |
||